000 01004nam a2200217 i 4500
001 65765
003 ES-MaACL
005 20250814071832.0
007 t|
008 040121s1972 sp ||||1| spa d
110 2 _aInstituto de Geografía Aplicada
_94949
245 1 0 _aArchivo de planos del Servicio Geográfico del Ejército
_b: catálogo de mapas. Castilla la Nueva : mapas generales. Madrid: capital y provincia : siglos XVII a XIX /
_cInstituto de Geografía Aplicada.
260 _aMadrid :
_bInstituto de Geografía Aplicada. Consejo Superior de Investigaciones Científicas,
_c1972.
300 _aXXI, 193 p. ;
_c26 cm.
490 1 _aFuentes Cartográficas Españolas ;
_v1
610 2 4 _aEspaña.
_bServicio Geográfico del Ejército.
_bArchivo de Planos-
_vCatálogos.
_9158150
651 4 _aCastilla la Nueva-
_vMapas-
_vBibliografías.
_9158151
830 0 _aFuentes Cartográficas Españolas ;
_v1
_9230765
852 _aES-MaACL
_jP-1525
_bR.84254
999 _c65765
_d65765